Tous les Circuits Mario Kart (1992-2025) - Statistiques

Statistiques générales
  • Ce quiz a été pris 484 fois
  • Le résultat moyen est 77 sur 183
Statistiques - réponses
Réponse % Correct
Route Arc-en-ciel
93%
3DS Route Arc-en-ciel
93%
DS Route Arc-en-ciel
93%
GBA Route Arc-en-ciel
93%
GCN Route Arc-en-ciel
93%
N64 Route Arc-en-ciel
93%
SNES Route Arc-en-ciel
93%
Wii Route Arc-en-ciel
93%
Wii U Route Arc-en-ciel
93%
Château de Bowser
81%
3DS Château de Bowser
81%
DS Château de Bowser
81%
GBA Château de Bowser 1
81%
GBA Château de Bowser 2
81%
GBA Château de Bowser 3
81%
GBA Château de Bowser 4
81%
GCN Château de Bowser
81%
N64 Château de Bowser
81%
SNES Château de Bowser 1
81%
SNES Château de Bowser 2
81%
SNES Château de Bowser 3
81%
Wii Château de Bowser
81%
Wii U Château de Bowser
81%
Circuit Mario Bros.
75%
3DS Circuit Mario
75%
DS Circuit Mario
75%
GBA Circuit Mario
75%
GCN Circuit Mario
75%
SNES Circuit Mario 1
75%
SNES Circuit Mario 2
75%
SNES Circuit Mario 3
75%
SNES Circuit Mario 4
75%
Wii Circuit Mario
75%
Wii U Circuit Mario
75%
SNES Circuit Mario
74%
GBA Circuit Luigi
63%
GCN Circuit Luigi
63%
Wii Circuit Luigi
63%
Wii Supermarché Coco
58%
GCN Circuit Yoshi
57%
Tour Roma romantica
57%
DS Stade Wario
56%
N64 Stade Wario
56%
Wii Prairie Meuh Meuh
56%
3DS Forêt tropicale DK
50%
GBA Circuit Peach
50%
GCN Montagne DK
50%
Wii Usine Toad
50%
Wii Circuit Daisy
49%
Wii Mine Wario
49%
3DS Circuit Toad
48%
GCN Parc Baby
48%
GCN Stade Waluigi
47%
Wii Pic DK
46%
DS Flipper Waluigi
45%
DS Manoir de Luigi
45%
N64 Jungle DK
45%
Wii Gorge Champignon
45%
DS Quartier Delfino
44%
GCN Désert Sec Sec
44%
Tour Promenade à Paris
44%
DS Jardin Peach
43%
GCN Plage Peach
43%
N64 Plage Koopa
43%
SNES Plage Koopa
43%
SNES Plage Koopa 1
43%
SNES Plage Koopa 2
43%
Wii Bois Vermeil
43%
Wii Cap Koopa
43%
Wii U Circuit d'Hyrule
43%
N64 Montagne Choco
42%
Switch Cité Sorbet
42%
DS Bateau volant
41%
DS Cascades Yoshi
41%
DS Plage Cheep Cheep
41%
DS Circuit en 8
40%
Wii Volcan grondant
40%
Wii U Aéroport Azur
39%
Wii U Champidrome
39%
DS Alpes DK
38%
DS Horloge Tic-Tac
38%
N64 Autoroute Toad
38%
Wii Route Clair de Lune
38%
Wii U Animal Crossing
38%
3DS Littoral Wuhu
37%
3DS Pic Wuhu
37%
Tour Traversée de Tokyo
37%
GCN Paquebot Daisy
36%
Wii U Big Blue
36%
SNES Plaine Donut 1
35%
SNES Plaine Donut 2
35%
SNES Plaine Donut 3
35%
Tour Détour à Londres
35%
GCN Jungle Dino Dino
34%
N64 Vallée Yoshi
34%
Tour Escapade new-yorkaise
34%
3DS Égout Piranha
33%
3DS Monde glacé d'Harmonie
33%
3DS Souk Maskass
33%
DS Désert du Soleil
33%
GCN Royaume Sorbet
33%
N64 Royaume Sorbet
33%
Tour Balade berlinoise
33%
Tour Méandres madrilènes
33%
Wii U Descente givrée
33%
Wii U Mute City
33%
GBA Plage Maskass
32%
GBA Route Ruban
32%
GCN Pont Champignon
32%
3DS Galion de Wario
31%
3DS Koopapolis
31%
SNES Vallée Fantôme 1
31%
SNES Vallée Fantôme 2
31%
SNES Vallée Fantôme 3
31%
Tour Poursuite à Singapour
31%
Wii U Piste aux délices
31%
3DS Piste musicale
30%
N64 Autodrome Mario
30%
N64 Ferme Meuh Meuh
30%
Wii Ruines Sec Sec
30%
Wii U Arène d'Excitebike
30%
N64 Autodrome Luigi
29%
N64 Désert Kalimari
29%
Tour Sprint à Sydney
29%
Wii U Cascades Maskass
29%
Wii U Club Mario
29%
N64 Autodrome royal
28%
Switch Île de Yoshi
28%
SNES Île Choco 1
27%
SNES Île Choco 2
27%
Tour Athènes antique
27%
Tour Bousculade à Bangkok
27%
Tour Virée à Amsterdam
27%
Wii U Désert Toussec
27%
Wii U Voie céleste
27%
Tour Road-trip à Los Angeles
26%
Wii U Temple Thwomp
26%
DS Corniche Champignon
25%
GBA Jardin volant
25%
GBA Pays Fromage
25%
GCN Champiville
25%
N64 Ponton lugubre
25%
Wii U Manoir trempé
25%
Wii U Promenade Toad
25%
3DS Mont Éboulis
24%
GBA Lac Boo
24%
GCN Arène Wario
24%
SNES Lac Vanille 1
24%
SNES Lac Vanille 2
24%
Wii U Lagon Tourbillon
24%
Wii U Passage Feuillage
24%
Wii U Route du dragon
24%
Stade Peach
23%
Bloc ? antique
22%
N64 Route Glagla
22%
Tour Virages à Vancouver
22%
Wii U Parc Glougloop
22%
Wii U Station Glagla
22%
Cinéma Boo
21%
Pic de l'observatoire
21%
3DS Lagon Cheep Cheep
21%
3DS Vallée Daisy
21%
GBA Riverside Parc
21%
Wii U Métro Turbo
21%
Trophéopolis
21%
Switch Course à la propreté
20%
Tour Dojo ninja
20%
GBA Pays Crépuscule
19%
GBA Pays neigeux
19%
Savane sauvage
18%
Chutes Cheep Cheep
17%
Mont Tchou Tchou
17%
GBA Lakeside Parc
17%
Gouffre Pissenlit
16%
GBA Désert Yoshi
16%
GBA Jetée cassée
16%
Spatioport DK
16%
Cité Fleur-de-sel
15%
Tour Ruines Plante Piranha
15%
Chemin du chêne
14%
Fournaise osseuse
14%
Tour Mont festif
14%
GBA Île Cheep Cheep
12%
Aucun quiz correspondant
Distribution des résultats
% des personnes avec chaque résultat
Percentile par nombre de réponses
Votre historique - résultats
Vous n’avez pas pris ce quiz